000 00945cam a22002651 4500
001 sd 50000061
003 DLC
005 20260227112735.0
008 831025s1944 dcua f000 0 eng c
010 _asd 50000061
035 _a(OCoLC)10056324
040 _aU.S. Dept. of State.
_cMBU
_dDLC
042 _apremarc
050 0 0 _aUB250
_b.U33 no. 2350
082 _a940.531422
110 1 _aUnited States.
_bOffice of Strategic Services.
_bResearch and Analysis Branch.
245 0 0 _aProblems of Germans reparations.
260 _a[Washington]
_c1944.
300 _av, 42 p.
_bdiagr., tables.
_c26 cm.
490 1 _aIts R & A
_vno. 2350
500 _aErrata leaf inserted.
650 0 _aWorld War, 1939-1945
_xReparations.
810 1 _aUnited States.
_bOffice of Strategic Services.
_bResearch and Analysis Branch.
_tR & A
_vno. 2350.
810 1 _aUnited States.
_bDepartment of State.
_bOffice of Intelligence Research.
_tR & A ;
_vno. 2350.
999 _c90019
_d90019